Assessment of public administration in the field of small business empirical analysis of points of single contact efficiency in Slovakia

Agenda živnostenského podnikania na Slovensku, jednotné kontaktné miesta (JKM). Empirická analýza porovnáva všetky JKM z hľadiska ich výkonnosti a identifikuje faktory, ktoré môžu ovplyvňovať ich efektívnosť. Medzi jednotlivými regiónmi SR existujú štatisticky významné rozdiely v priemernej technick...

Descrizione completa

Salvato in:
Dettagli Bibliografici
Autore principale: Marišová, Eleonóra
Natura: Capitolo di libro
Lingua:inglese
Soggetti:
Tags: Aggiungi Tag
Nessun Tag, puoi essere il primo ad aggiungerne!!

MARC

LEADER 00000naa a2200000 4500
001 0167255
005 20231012083609.6
041 0 |a eng 
044 |a SK 
245 1 0 |a Assessment of public administration in the field of small business  |b empirical analysis of points of single contact efficiency in Slovakia  |c Eleonóra Marišová ... [et al.] 
520 |a Agenda živnostenského podnikania na Slovensku, jednotné kontaktné miesta (JKM). Empirická analýza porovnáva všetky JKM z hľadiska ich výkonnosti a identifikuje faktory, ktoré môžu ovplyvňovať ich efektívnosť. Medzi jednotlivými regiónmi SR existujú štatisticky významné rozdiely v priemernej technickej efektívnosti JKM. 
610 2 0 |a podnikanie živnostenské 
610 2 0 |a služby pre podniky 
610 2 0 |a efektívnosť 
610 2 0 |a prostredie podnikateľské 
610 2 0 |a kvalita 
100 1 |a Marišová, Eleonóra